000 00431 a2200145 4500
999 _c12399
_d12399
003 OSt
005 20240116113511.0
008 240116b ||||| |||| 00| 0 eng d
020 _a9781864708554
082 _a724.6
_bDAV
100 _aDavis, Paul Michael,
_d1978-
245 _aCritical skills for solving design problems : useful tips from architects in practice
260 _bImages Publishing Group Pty Ltd
_c2020
942 _2ddc